|
|
|
|
| LEADER |
00000nam0a2200000 4500 |
| 001 |
36462 |
| 005 |
20231031001928.0 |
| 010 |
|
|
|a 5283038580
|
| 035 |
|
|
|a (RuTPU)RU\TPU\book\36935
|
| 035 |
|
|
|a BOOK00003587
|
| 090 |
|
|
|a 36462
|
| 100 |
|
|
|a 20011210d1990 m y0rusy50 ca
|
| 101 |
0 |
|
|a rus
|
| 102 |
|
|
|a RU
|
| 105 |
|
|
|a a j 001zy
|
| 200 |
1 |
|
|a Введение в теорию ядерных реакторов на тепловых нейтронах
|e учебное пособие
|f А. Д. Галанин
|
| 205 |
|
|
|a 2-е изд., перераб. и доп.
|
| 210 |
|
|
|a Москва
|c Энергоатомиздат
|d 1990
|
| 215 |
|
|
|a 534 с.
|c ил.
|
| 320 |
|
|
|a Библиогр.: с. 518-529 (280 назв.).
|
| 320 |
|
|
|a Алф.-предм. указ.: с. 530-532.
|
| 451 |
|
1 |
|0 (RuTPU)RU\TPU\book\36934
|t Введение в теорию ядерных реакторов на тепловых нейтронах
|o учебное пособие
|f А. Д. Галанин
|c Москва
|n Энергоатомиздат
|d 1984
|p 416 с.
|a Галанин, Алексей Дмитриевич
|
| 610 |
1 |
|
|a ядерные реакторы
|
| 610 |
1 |
|
|a тепловые нейтроны
|
| 610 |
1 |
|
|a теория
|
| 610 |
1 |
|
|a физические явления
|
| 610 |
1 |
|
|a учебные пособия
|
| 675 |
|
|
|a 621.039.52(075.8)
|v 3
|
| 700 |
|
1 |
|a Галанин
|b А. Д.
|g Алексей Дмитриевич
|
| 801 |
|
0 |
|a RU
|b 63413507
|c 20011210
|g PSBO
|
| 801 |
|
2 |
|a RU
|b 63413507
|c 20220719
|g PSBO
|
| 900 |
|
|
|a Основы теории и методы расчета ядерных реакторов
|
| 900 |
|
|
|a Основы физической теории ядерных установок
|
| 900 |
|
|
|a Ядерные технологии и экология топливного цикла
|
| 900 |
|
|
|a Динамика и безопасность ядерно-энергетических установок
|
| 900 |
|
|
|a Физическая теория реакторов
|
| 900 |
|
|
|a Теория переноса нейтронов
|
| 900 |
|
|
|a Безопасность эксплуатации ядерных энергетических установок
|
| 942 |
|
|
|c BK
|